MDQL
is popping MORE tags! Check the
thread
!
Quizzes
Events
Quiz Creation
Community
Videos
Private Events
Remove Ads
Sign In
Join for FREE
Feedback
Dark Mode
Quiz Categories
Sports
Geography
Music
Movies
Television
Just For Fun
Miscellaneous
History
Literature
Language
Science
Gaming
Entertainment
Religion
Holiday
For Kids
Quiz Lab
Recent
Popular Today
Quiz Kudos Today
Editor Picks
Curator Picks
Quizzes by...
Day
Popularity
Type
Ratings
Length
Year
Community
Subscriptions
Recent Discussions
Orange Saloon
Badges
Playlists
Quests
Create
Leaderboards
Showdown
Live 5
Trivia Bingo
Activity
Puzzle Library
Sporcle Events
Private Events
Virtual Trivia
Globe League
Become a Host
Pub Owners
SporcleCon
Opinionation
Our Games
Videos
Blog
Mobile Apps
Partnerships
Remove Ads and Go Orange
Feedback
Music
Pop Music
The Beatles
Song
Album
Lyrics
Bands
Singers
Artist
Clip
Rock
Rap
Classical
Billboard
Country Music
Kpop
Taylor Swift
Music
Pop Music
The Beatles
Song
Album
Lyrics
Bands
Singers
Artist
Clip
Rock
Rap
Classical
Billboard
Country Music
Kpop
Taylor Swift
Random Quiz
Search Sporcle
×
Quiz Lab
Quiz Lab
Music
Lyrics
Type in answers that appear in a list
Type in answers that appear in a list
Classic
Best Score? Go Orange.
Lyrics to Annie's Song Stats
Can you name the Lyrics to Annie's Song?
By
FredNorman
10m
145 Questions
596 Plays
596 Plays
596 Plays
Comments
Comments
Give Quiz Kudos
Give Quiz Kudos
-
- Ratings
hide this ad
Replay
Link that replays current quiz
Next Quiz
Link to next quiz in quiz playlist
You Got
0%
They Got
Avg Score
70%
Avg Friend Score
Upgrade to see
Score Distribution
Jump to the score distribution portion of the page
Score
0/145
Timer
10:00
0
Plays Today
% Correct
a
95.8%
the
95.8%
the
95.8%
a
95.8%
the
95.8%
a
95.8%
the
95.8%
a
95.8%
a
95.8%
the
95.8%
the
95.8%
a
95.8%
the
95.8%
a
95.8%
the
95.8%
a
95.8%
to
79.4%
to
79.4%
You
78.4%
You
78.4%
you
78.4%
you
78.4%
you
78.4%
you
78.4%
you
78.4%
you
78.4%
you
78.4%
You
78.4%
You
78.4%
me
73.3%
me
73.3%
me
73.3%
me
73.3%
me
73.3%
me
73.3%
me
73.3%
me
73.3%
me
73.3%
me
73.3%
me
73.3%
me
73.3%
me
73.3%
in
71%
in
71%
in
71%
in
71%
in
71%
in
71%
in
71%
% Correct
in
71%
in
71%
in
71%
love
69.8%
love
69.8%
love
69.8%
love
69.8%
love
69.8%
my
68.8%
my
68.8%
my
68.8%
my
68.8%
my
68.8%
my
68.8%
Like
68.3%
Like
68.3%
Like
68.3%
Like
68.3%
Like
68.3%
like
68.3%
Like
68.3%
Like
68.3%
Like
68.3%
Like
68.3%
up
67.4%
up
67.4%
come
67.4%
Come
67.4%
Come
67.4%
Come
67.4%
Come
67.4%
Come
67.4%
up
67.4%
up
67.4%
Come
67.4%
senses
66.4%
senses
66.4%
let
66.4%
Let
66.4%
Let
66.4%
Let
66.4%
Let
66.4%
Let
66.4%
let
66.4%
Let
66.4%
let
66.4%
senses
66.4%
senses
66.4%
be
66.3%
% Correct
fill
65.9%
fill
65.9%
fill
65.9%
fill
65.9%
fill
65.9%
fill
65.9%
again
65.3%
again
65.3%
again
65.3%
again
65.3%
your
64.9%
your
64.9%
forest
63.9%
rain
63.9%
life
63.9%
life
63.9%
forest
63.9%
rain
63.9%
ocean
63.8%
ocean
63.8%
springtime
62.9%
springtime
62.9%
night
62.6%
night
62.6%
blue
62.2%
blue
62.2%
walk
61.7%
walk
61.7%
desert
61.1%
desert
61.1%
give
60.1%
give
60.1%
with
59.7%
arms
59.6%
mountains
59.1%
mountains
59.1%
sleepy
58.9%
sleepy
58.9%
storm
57.9%
storm
57.9%
die
56%
always
55.5%
lay
54.4%
down
54.2%
beside
54.2%
drown
51.2%
laughter
50%
Quiz Playlist
Details
Report
Send in Message
Add To Playlist
Classic:
Type in answers that appear in a list
Last Updated: Feb 16, 2017
Quiz Scoreboard
CHALLENGE
Sign Up to Join the Scoreboard
Show All
Scores
Hide
Comments
May contain spoilers
Recently Published
5x2 Blitz: Bands
by SL_Kpop136
Music
30s
Colored Red Africa Blitz
by spor1
Geography
30s
Find the 'City' Movie
by crazypaving
Movies
60s
More to Explore
Quiz From the Vault
Featured Blog Post
14 Easter Pick-up Lines to Find Eggs With
hide this ad
You Might Also Like...
Tags
Lyrics Quiz
Today's Top Quizzes in Music
Browse Music
hide this ad
Today's Top Quizzes in Lyrics
Browse Lyrics
Top Contributed Quizzes in Music
1
5X2 Blitz: Bands II
2
Taylor Swift All Songs (2024)
3
5X2 Blitz: The Beatles
4
5X2 Blitz: Billboard
5
Taylor Swift Logic Puzzle
6
Taylor Swift Logic Puzzle II
7
5X2 Blitz: Album
8
5X2 Blitz: Billboard II
9
Music Artist by Three 2010s hits
10
5X2 Blitz: Rock
Explore More
Trending Topics
Disney
Marvel
Kpop
Anime
Harry Potter
Crossword
NBA
WWE
Pokémon
Song
Puzzle
The Office
Soccer
Country
NFL
hide this ad
More By:
FredNorman
Quiz
Plays
Rating
Category
Featured
Created
'A Horse with No Name' Lyrics
11,932
4.79
Music
Jan 28, 2012
'The Gambler' Lyrics
2,729
4.45
Music
Jan 28, 2012
Lyrics to Nothing Else Matters
1,954
4.83
Music
Jan 28, 2012
Lyrics to Against All Odds
1,331
4.45
Music
Jan 28, 2012
Saving Private Ryan Soldiers
838
5.00
Movies
May 9, 2010
Go to Creator's Profile
Score Distribution
Quiz Creator Spotlight
FredNorman
Follow
Send a Message
Quizzes Created
-
Created Quiz Play Count
-
More By This Creator
Popular Quizzes Today
1
Find the 'City' Movie
2
5x2 Blitz: Bands
3
Colored Red Africa Blitz
4
Find the US States - No Outlines Minefield
5
The Countries of the World
6
Find the US States
7
9x9 Crossword: Cartoon Network
8
US States
More Music Quizzes
First Top Ten Singles in Order - the Eagles
Editor's Pick
Trending Quizzes
Colored Red Europe Blitz I
Colored Red Africa Blitz II
Colored Red Europe Blitz III
Colored Red Europe Blitz II
Colored Red Africa Blitz III
Recently Updated
Champions League XIs: Real Madrid
pecheneg
Largest US Cities 1790-2010
pecheneg
Rides in Walt Disney World
pecheneg
Most Oscar Losses (Acting)
pecheneg
Beyoncé Albums
pecheneg
Leaping Animals
pecheneg
Reality TV Shows (A-Z)
bhenderson79
Rickey Henderson's Hall of Fame Teammates
pecheneg
Champions League XIs: Arsenal
pecheneg
Quick Pick: Celebrities in WWE's Hall of Fame
aduchscher
Trending Topics
Crossword
Harry Potter
Disney
NBA
Anime
Marvel
Kpop
Soccer
WWE
Country
Song
Puzzle
NFL
Pokémon
The Office
Your Account Isn't Verified!
In order to create a playlist on Sporcle, you need to verify the email address you used during registration. Go to your
Sporcle Settings
to finish the process.
Report this User
Report this user for behavior that violates our
Community Guidelines
.
Details:
Send Report
Go to the Sporcle.com Mobile Site →
Comments